000 01437cai a22002295a 4500
001 L140969
008 070424u2007 xxkad f s 000 0 eng d
035 _a(Sirsi) u140969
041 0 _aeng
050 0 4 _a333.33 $2 18
110 2 _aSavills
_92020
245 0 0 _aSavills UK commercial development activity PMI
_bJune 2007
_h[electronic resource]
260 _aLondon
_bSavills
_c2007
490 0 _aSavills UK Commercial Development Activity PMI
_vJune 2007
520 _aThe Total Commercial Activity Index rose to 61.0 in May, from 59.7 in April, to remain above the all-important 50.0 no-change mark for a seventeenth consecutive month. The private sector development index increased 28.2% to stand at 64.1. 35% of panel members reported an expansion of private sector construction, compared to around 7% that reported a decline. The private sector office activity index rose 18.5% to 59.2. Regional commercial activity was highest outside London which stood at 56.9 (up 13.7%on the previous month). The index for the rest of the South East was 59.2 (a rise of 18.5%) and the index for rest of the UK stood at 62.8 (a rise of 25.6%).
590 _aKA
650 2 4 _aSAVILLS UK COMMERCIAL DEVELOPMENT ACTIVITY PMI
651 4 _aEngland and Wales
_y1543-
690 _aPROPERTY-COMMERCIAL PROPERTY-COMMERCIAL PROPERTY MARKET
856 4 0 _uhttps://www.savills.com/
_zView the item free of charge at www.savills.com...
942 _n0
999 _c107583
_d107583